Pozemkové úpravy - realizácia obnovy vlastníckych vzťahov v krajinnom prostredí.
Nové náročné úlohy kladené na usporiadanie pôdneho fondu zrovnoprávnením všetkých druhov vlastníctva vo vzťahu k poľnohospodárskej pôde. Vytyčovanie pôvodných pozemkov a náhradných pozemkov do dočasného užívania. Realizácia komplexných pozemkových úprav podľa najnovších poznatkov vedy a techniky.
Salvato in:
| Autore principale: | |
|---|---|
| Natura: | Capitolo di libro |
| Lingua: | slovacco |
| Soggetti: | |
| Tags: |
Nessun Tag, puoi essere il primo ad aggiungerne!!
|
MARC
| LEADER | 00000naa a2200000 4500 | ||
|---|---|---|---|
| 001 | r004906 | ||
| 005 | 20221125075854.7 | ||
| 041 | 0 | |a slo | |
| 044 | |a [CS] | ||
| 245 | 1 | 0 | |a Pozemkové úpravy - realizácia obnovy vlastníckych vzťahov v krajinnom prostredí. |c E. Geissé |
| 520 | |a Nové náročné úlohy kladené na usporiadanie pôdneho fondu zrovnoprávnením všetkých druhov vlastníctva vo vzťahu k poľnohospodárskej pôde. Vytyčovanie pôvodných pozemkov a náhradných pozemkov do dočasného užívania. Realizácia komplexných pozemkových úprav podľa najnovších poznatkov vedy a techniky. | ||
| 610 | 2 | 0 | |a pozemky |
| 610 | 2 | 0 | |a vlastníctvo |
| 610 | 2 | 0 | |a pôda poľnohospodárska |
| 610 | 2 | 0 | |a fond pôdny |
| 610 | 2 | 0 | |a prostredie krajinné |
| 100 | 1 | |a Geissé, E. | |